<?xml version="1.0" encoding="UTF-8"?>
<record
    xmlns:xsi="http://www.w3.org/2001/XMLSchema-instance"
    xsi:schemaLocation="http://www.loc.gov/MARC21/slim http://www.loc.gov/standards/marcxml/schema/MARC21slim.xsd"
    xmlns="http://www.loc.gov/MARC21/slim">

  <leader>00395nam a2200145Ia 4500</leader>
  <controlfield tag="008">230411s9999    xx            000 0 und d</controlfield>
  <datafield tag="020" ind1=" " ind2=" ">
    <subfield code="a">978-93-5025-136-2</subfield>
  </datafield>
  <datafield tag="041" ind1=" " ind2=" ">
    <subfield code="a">eng</subfield>
  </datafield>
  <datafield tag="082" ind1=" " ind2=" ">
    <subfield code="a">MS/610.73677/BAS/B06799</subfield>
  </datafield>
  <datafield tag="100" ind1=" " ind2=" ">
    <subfield code="a">Basavanthappa BT</subfield>
  </datafield>
  <datafield tag="245" ind1=" " ind2=" ">
    <subfield code="a">Essentials of Medical Surgical Nursing</subfield>
  </datafield>
  <datafield tag="260" ind1=" " ind2=" ">
    <subfield code="b">Jaypee Brothers</subfield>
    <subfield code="a">Bangalore</subfield>
    <subfield code="c">2011</subfield>
  </datafield>
  <datafield tag="300" ind1=" " ind2=" ">
    <subfield code="a">808p</subfield>
  </datafield>
  <datafield tag="999" ind1=" " ind2=" ">
    <subfield code="c">157117</subfield>
    <subfield code="d">157117</subfield>
  </datafield>
  <datafield tag="952" ind1=" " ind2=" ">
    <subfield code="0">0</subfield>
    <subfield code="1">0</subfield>
    <subfield code="4">0</subfield>
    <subfield code="7">0</subfield>
    <subfield code="8">MS</subfield>
    <subfield code="a">BTIN</subfield>
    <subfield code="b">BTIN</subfield>
    <subfield code="d">2011-09-26</subfield>
    <subfield code="e">Jaypee Brothers Medical Publishers</subfield>
    <subfield code="g">525.00</subfield>
    <subfield code="i">3107</subfield>
    <subfield code="l">3</subfield>
    <subfield code="o">MS 610.73677 BAS B06799</subfield>
    <subfield code="p">BTIN-BK-6799</subfield>
    <subfield code="r">2023-10-05 00:00:00</subfield>
    <subfield code="s">2023-09-20</subfield>
    <subfield code="v">383.00</subfield>
    <subfield code="w">2011-09-26</subfield>
    <subfield code="y">BK</subfield>
    <subfield code="z">B06799</subfield>
  </datafield>
  <datafield tag="952" ind1=" " ind2=" ">
    <subfield code="0">0</subfield>
    <subfield code="1">0</subfield>
    <subfield code="4">0</subfield>
    <subfield code="7">0</subfield>
    <subfield code="8">MS</subfield>
    <subfield code="a">BTIN</subfield>
    <subfield code="b">BTIN</subfield>
    <subfield code="d">2011-09-26</subfield>
    <subfield code="e">Jaypee Brothers Medical Publishers</subfield>
    <subfield code="g">525.00</subfield>
    <subfield code="i">3107</subfield>
    <subfield code="l">0</subfield>
    <subfield code="o">MS 610.73677 BAS B06800</subfield>
    <subfield code="p">BTIN-BK-6800</subfield>
    <subfield code="r">2023-04-11 00:00:00</subfield>
    <subfield code="v">383.00</subfield>
    <subfield code="w">2011-09-26</subfield>
    <subfield code="y">BK</subfield>
    <subfield code="z">B06800</subfield>
  </datafield>
  <datafield tag="952" ind1=" " ind2=" ">
    <subfield code="0">0</subfield>
    <subfield code="1">0</subfield>
    <subfield code="4">0</subfield>
    <subfield code="7">0</subfield>
    <subfield code="8">MS</subfield>
    <subfield code="a">BTIN</subfield>
    <subfield code="b">BTIN</subfield>
    <subfield code="d">2011-09-26</subfield>
    <subfield code="e">Jaypee Brothers Medical Publishers</subfield>
    <subfield code="g">525.00</subfield>
    <subfield code="i">3107</subfield>
    <subfield code="l">11</subfield>
    <subfield code="m">2</subfield>
    <subfield code="o">MS 610.73677 BAS B06801</subfield>
    <subfield code="p">BTIN-BK-6801</subfield>
    <subfield code="r">2026-01-06 11:44:59</subfield>
    <subfield code="s">2025-12-31</subfield>
    <subfield code="v">383.00</subfield>
    <subfield code="w">2011-09-26</subfield>
    <subfield code="y">BK</subfield>
    <subfield code="z">B06801</subfield>
  </datafield>
  <datafield tag="952" ind1=" " ind2=" ">
    <subfield code="0">0</subfield>
    <subfield code="1">0</subfield>
    <subfield code="4">0</subfield>
    <subfield code="7">0</subfield>
    <subfield code="8">MS</subfield>
    <subfield code="a">BTIN</subfield>
    <subfield code="b">BTIN</subfield>
    <subfield code="d">2011-09-26</subfield>
    <subfield code="e">Jaypee Brothers Medical Publishers</subfield>
    <subfield code="g">525.00</subfield>
    <subfield code="i">3107</subfield>
    <subfield code="l">4</subfield>
    <subfield code="m">1</subfield>
    <subfield code="o">MS 610.73677 BAS B06802</subfield>
    <subfield code="p">BTIN-BK-6802</subfield>
    <subfield code="r">2024-08-29 00:00:00</subfield>
    <subfield code="s">2024-08-12</subfield>
    <subfield code="v">383.00</subfield>
    <subfield code="w">2011-09-26</subfield>
    <subfield code="y">BK</subfield>
    <subfield code="z">B06802</subfield>
  </datafield>
  <datafield tag="952" ind1=" " ind2=" ">
    <subfield code="0">0</subfield>
    <subfield code="1">0</subfield>
    <subfield code="4">0</subfield>
    <subfield code="7">0</subfield>
    <subfield code="8">MS</subfield>
    <subfield code="a">BTIN</subfield>
    <subfield code="b">BTIN</subfield>
    <subfield code="d">2011-09-26</subfield>
    <subfield code="e">Jaypee Brothers Medical Publishers</subfield>
    <subfield code="g">525.00</subfield>
    <subfield code="i">3107</subfield>
    <subfield code="l">2</subfield>
    <subfield code="o">MS 610.73677 BAS B06803</subfield>
    <subfield code="p">BTIN-BK-6803</subfield>
    <subfield code="r">2023-12-11 00:00:00</subfield>
    <subfield code="s">2023-12-02</subfield>
    <subfield code="v">383.00</subfield>
    <subfield code="w">2011-09-26</subfield>
    <subfield code="y">BK</subfield>
    <subfield code="z">B06803</subfield>
  </datafield>
</record>
